00683nam a2200193 i 4500001000700000003000900007005001700016007000300033008004100036100003500077245005900112260003900171300002200210490003600232830004400268852003200312999001900344952012600363101640ES-MaACL20230906182940.0t|051021s1959 sp ||||1| spa d1 aMedrano Balda, Domingo.97977510aSu excelencia el Presidente / cDomingo Medrano Balda. aBarcelona : bPentágono, c1959. a286 p. ; c17 cm.1 aEl tiempo vale más que el oro0 aEl tiempo vale más que el oro9232495 aES-MaACLjC-17103 bR.44918 c101640d101640 00104070aATENEOMbATENEOMcGaleríad2008-01-17eSCl0oC-17103p1106112r2023-02-23 00:00:00w2023-02-23yMONOGRAFIA